[Event "19th Open A"]
[Site "Zadar"]
[Date "2012.12.19"]
[Round "5.17"]
[White "Biliskov, Vjekoslav"]
[Black "Veleski, Robert"]
[Result "1-0"]
[WhiteElo "2332"]
[BlackElo "2311"]
[PlyCount "79"]
[EventDate "2012.12.16"]
[EventRounds "9"]
[EventCountry "CRO"]
[Source "crochess.com"]
[SourceDate "2012.12.22"]

1. e4 Nf6 2. e5 Nd5 3. d4 d6 4. Nf3 g6 5. Bc4 Nb6 6. Bb3 Bg7 7. O-O O-O 8. a4
a5 9. h3 Nc6 10. Qe2 dxe5 11. dxe5 Nd4 12. Nxd4 Qxd4 13. Re1 Be6 14. Bxe6 fxe6
15. Nd2 Nd5 16. Nf3 Qb6 17. Qb5 Rf5 18. Bd2 Raf8 19. Qxb6 cxb6 20. Re4 Rc8 21.
c4 Nb4 22. Bxb4 axb4 23. Rd1 Rc5 24. Rde1 b3 25. R1e3 Bh6 26. Rxb3 Rf4 27. Rxf4
Bxf4 28. g3 Bc1 29. Rb4 Kf7 30. b3 Rc6 31. Nd4 Rc5 32. Rxb6 Rxe5 33. Rxb7 Re1+
34. Kg2 Ba3 35. Rb5 Re4 36. Nf3 h6 37. a5 Re2 38. a6 Bc1 39. Ra5 Kf6 40. Kf1
1-0

[Event "19th Open A"]
[Site "Zadar"]
[Date "2012.12.19"]
[Round "6.2"]
[White "Kozul, Zdenko"]
[Black "Ivanov, Borislav"]
[Result "0-1"]
[WhiteElo "2638"]
[BlackElo "2227"]
[PlyCount "68"]
[EventDate "2012.12.16"]
[EventRounds "9"]
[EventCountry "CRO"]
[Source "crochess.com"]
[SourceDate "2012.12.22"]

1. c4 c5 2. Nf3 Nc6 3. Nc3 g6 4. g3 Bg7 5. Bg2 e6 6. d3 Nge7 7. h4 h6 8. Bd2 d5
9. Qc1 b6 10. O-O Bb7 11. Rb1 d4 12. Na4 Qc7 13. a3 a5 14. Qc2 O-O 15. b4 axb4
16. axb4 Nxb4 17. Bxb4 cxb4 18. Rxb4 Nd5 19. Rbb1 Nc3 20. Nxc3 dxc3 21. e3 Ra3
22. Rb3 Rfa8 23. d4 Qxc4 24. Nd2 Qc7 25. Bxb7 Rxb3 26. Nxb3 Qxb7 27. Qxc3 Qd5
28. Qc2 Ra3 29. Rb1 Bf8 30. Nc1 b5 31. Nd3 Bd6 32. Nc5 Bxg3 33. fxg3 Rxe3 34.
Kh2 Qf3 0-1

[Event "19th Open A"]
[Site "Zadar"]
[Date "2012.12.19"]
[Round "6.4"]
[White "Jovanic, Ognjen"]
[Black "Stevic, Hrvoje"]
[Result "1/2-1/2"]
[WhiteElo "2583"]
[BlackElo "2622"]
[PlyCount "23"]
[EventDate "2012.12.16"]
[EventRounds "9"]
[EventCountry "CRO"]
[Source "crochess.com"]
[SourceDate "2012.12.22"]

1. d4 Nf6 2. Nf3 g6 3. c4 Bg7 4. Nc3 O-O 5. e4 d6 6. Be2 c5 7. d5 e6 8. O-O
exd5 9. exd5 Re8 10. Bd3 Bg4 11. h3 Bxf3 12. Qxf3 1/2-1/2

[Event "19th Open A"]
[Site "Zadar"]
[Date "2012.12.19"]
[Round "6.5"]
[White "Schachinger, Mario"]
[Black "Saric, Ivan"]
[Result "0-1"]
[WhiteElo "2426"]
[BlackElo "2626"]
[PlyCount "72"]
[EventDate "2012.12.16"]
[EventRounds "9"]
[EventCountry "CRO"]
[Source "crochess.com"]
[SourceDate "2012.12.22"]

1. c4 g6 2. Nf3 Bg7 3. Nc3 e5 4. g3 d6 5. Bg2 f5 6. d3 Nf6 7. O-O O-O 8. Bd2 h6
9. Nd5 g5 10. Rc1 c6 11. Nxf6+ Qxf6 12. Bc3 Qf7 13. Ne1 Be6 14. f4 Nd7 15. e3
Rae8 16. Qd2 Qh5 17. Bf3 Qg6 18. Bg2 Bf6 19. b3 Kh7 20. d4 gxf4 21. exf4 Rg8
22. dxe5 dxe5 23. Qb2 e4 24. Bxf6 Nxf6 25. Nc2 Ng4 26. Qc3 h5 27. Bh3 h4 28.
Bxg4 Qxg4 29. Ne3 Qh3 30. g4 fxg4 31. Rc2 g3 32. f5 gxh2+ 33. Kh1 Rg1+ 34. Rxg1
hxg1=Q+ 35. Kxg1 Rg8+ 36. Kf2 Qf3+ 0-1

[Event "19th Open A"]
[Site "Zadar"]
[Date "2012.12.19"]
[Round "6.6"]
[White "Kuljasevic, Davorin"]
[Black "Kadric, Denis"]
[Result "0-1"]
[WhiteElo "2561"]
[BlackElo "2458"]
[PlyCount "130"]
[EventDate "2012.12.16"]
[EventRounds "9"]
[EventCountry "CRO"]
[Source "crochess.com"]
[SourceDate "2012.12.22"]

1. d4 d6 2. Nf3 g6 3. c4 Bg7 4. Nc3 e5 5. e4 exd4 6. Nxd4 Nc6 7. Be3 Nge7 8. h4
f5 9. h5 fxe4 10. Nxe4 Nf5 11. Bg5 Qd7 12. Nb5 a6 13. Nbc3 h6 14. Bf6 g5 15.
Be2 O-O 16. Nd5 Qf7 17. O-O Be6 18. Bxg5 Bxd5 19. cxd5 Ncd4 20. Bd2 Nxe2+ 21.
Qxe2 Qxd5 22. Bc3 Rae8 23. Rfe1 Bxc3 24. Nxc3 Rxe2 25. Nxd5 Rxb2 26. Nxc7 Ng7
27. f3 Nxh5 28. Nd5 Nf4 29. Nxf4 Rxf4 30. Rad1 Rf6 31. Re7 Rg6 32. g4 Rf6 33.
Rc1 Rf7 34. Re6 Kg7 35. Rxd6 Rxa2 36. Rb6 Rxf3 37. Rxb7+ Kg6 38. Rc5 Rf6 39.
Ra7 Rb6 40. Rc1 Kg5 41. Rf1 Rb4 42. Rg7+ Kh4 43. Rf2 Rxf2 44. Kxf2 Rxg4 45. Rc7
Ra4 46. Kf3 h5 47. Rc5 Ra3+ 48. Kg2 Ra2+ 49. Kf3 a5 50. Rc1 a4 51. Rc5 Ra1 52.
Rd5 a3 53. Ra5 Rg1 54. Kf2 Rg3 55. Rc5 Rb3 56. Ra5 Kg4 57. Ra4+ Kh3 58. Ra5 h4
59. Ra4 Rg3 60. Kf1 Rf3+ 61. Ke2 Kg3 62. Ra8 Rf2+ 63. Ke3 Ra2 64. Rg8+ Kh2 65.
Kf3 h3 0-1

[Event "19th Open A"]
[Site "Zadar"]
[Date "2012.12.19"]
[Round "6.7"]
[White "Martinovic, Sasa"]
[Black "Lalic, Bogdan"]
[Result "1-0"]
[WhiteElo "2530"]
[BlackElo "2484"]
[PlyCount "121"]
[EventDate "2012.12.16"]
[EventRounds "9"]
[EventCountry "CRO"]
[Source "crochess.com"]
[SourceDate "2012.12.22"]

1. d4 Nf6 2. c4 g6 3. Nc3 d5 4. Bg5 Ne4 5. h4 Nxg5 6. hxg5 e6 7. Nf3 Bg7 8. e3
a6 9. Qb3 dxc4 10. Bxc4 c5 11. dxc5 Nd7 12. Qa3 Qe7 13. Ne4 O-O 14. O-O-O b6
15. c6 Qxa3 16. bxa3 Nc5 17. Nfd2 Ra7 18. Nxc5 bxc5 19. Ne4 Rc7 20. Rd6 h5 21.
f4 Re8 22. Rhd1 Kf8 23. Nf6 Bxf6 24. gxf6 e5 25. fxe5 Rxe5 26. Rd8+ Re8 27.
R1d6 h4 28. Kb2 g5 29. Kb3 g4 30. Bd5 Be6 31. Kc4 h3 32. gxh3 gxh3 33. Kxc5 h2
34. Bh1 Rc8 35. Rxe8+ Kxe8 36. Kb6 Rd8 37. Rxd8+ Kxd8 38. Kb7 Bc8+ 39. Kb8 a5
40. a4 Ba6 41. e4 Bc8 42. e5 Ba6 43. Bg2 Ke8 44. c7 Kd7 45. Bd5 Bc8 46. e6+
fxe6 47. Bg2 Ba6 48. f7 Ke7 49. f8=Q+ Kxf8 50. c8=Q+ Bxc8 51. Kxc8 Ke7 52. Kc7
Kf6 53. Kb6 Ke5 54. Kxa5 Kd4 55. Kb5 e5 56. a5 e4 57. a6 e3 58. a7 e2 59. a8=Q
e1=Q 60. Qd5+ Ke3 61. Qe5+ 1-0

[Event "19th Open A"]
[Site "Zadar"]
[Date "2012.12.19"]
[Round "6.11"]
[White "Mazi, Leon"]
[Black "Rezan, Sasa"]
[Result "0-1"]
[WhiteElo "2351"]
[BlackElo "2436"]
[PlyCount "82"]
[EventDate "2012.12.16"]
[EventRounds "9"]
[EventCountry "CRO"]
[Source "crochess.com"]
[SourceDate "2012.12.22"]

1. e4 c5 2. Nf3 d6 3. d4 cxd4 4. Nxd4 Nf6 5. Nc3 g6 6. Be3 Bg7 7. f3 a6 8. Qd2
Nbd7 9. Bh6 Bxh6 10. Qxh6 b5 11. O-O-O Bb7 12. h4 Rc8 13. Qd2 h5 14. Kb1 b4 15.
Nce2 Qb6 16. Ng3 e5 17. Nb3 Ke7 18. Qg5 Nf8 19. Re1 Ne6 20. Qe3 Qc7 21. Bd3 a5
22. Nd2 a4 23. Nc4 Nd7 24. Ne2 Ndc5 25. Qd2 b3 26. Nc3 Nd4 27. Ne3 Kf8 28. cxb3
axb3 29. a3 Kg7 30. Bc4 Qa5 31. Rd1 Na4 32. Ncd5 Qa7 33. Rc1 Rc5 34. Rhf1 Rhc8
35. f4 Bxd5 36. Bxd5 Rc2 37. Nxc2 bxc2+ 38. Ka2 Rb8 39. b3 Nb6 40. fxe5 Nxd5
41. exd5 Rxb3 0-1

[Event "19th Open A"]
[Site "Zadar"]
[Date "2012.12.19"]
[Round "6.12"]
[White "Jakic, Ivan"]
[Black "Vlahov, Davor"]
[Result "1-0"]
[WhiteElo "2415"]
[BlackElo "2228"]
[PlyCount "125"]
[EventDate "2012.12.16"]
[EventRounds "9"]
[EventCountry "CRO"]
[Source "crochess.com"]
[SourceDate "2012.12.22"]

1. e4 e6 2. d4 d5 3. Nc3 Nf6 4. Bg5 dxe4 5. Nxe4 Be7 6. Bxf6 Bxf6 7. Nf3 Bd7 8.
Bd3 Bc6 9. c3 Bxe4 10. Bxe4 c6 11. Qc2 h6 12. O-O-O Qa5 13. Kb1 Nd7 14. Rd3 Be7
15. Nd2 O-O-O 16. c4 Nf6 17. Bf3 Bb4 18. Nb3 Qa4 19. Rhd1 Kb8 20. g3 Be7 21.
Rc3 Bb4 22. Re3 Bd6 23. Rc1 Rc8 24. Qe2 Rhd8 25. c5 Be7 26. Rec3 Ka8 27. Qe5
Ne8 28. Rc4 Qb5 29. Qe1 Rd5 30. Bxd5 exd5 31. R4c3 Bf6 32. Re3 Nc7 33. Qe2 Qa4
34. Rd1 Ne6 35. Qd3 a6 36. f4 Nc7 37. Qf5 Rd8 38. Rd2 Ne6 39. Qd3 Ka7 40. Qc3
Qc4 41. Ree2 Rd7 42. h4 Qb5 43. f5 Nc7 44. Qa5 Qc4 45. Qb6+ Kb8 46. Na5 Qb5 47.
Qxb5 axb5 48. b4 Rd8 49. Nb3 Kc8 50. Kc2 Na8 51. Kd3 b6 52. Rc2 Kd7 53. Rc1
bxc5 54. Nxc5+ Kc7 55. a4 bxa4 56. Nxa4 Kb7 57. Rec2 Rd6 58. Nc5+ Kb6 59. Nb3
Kb5 60. Rc5+ Kxb4 61. Na5 Nc7 62. Rb1+ Ka4 63. Nxc6 1-0

[Event "19th Open A"]
[Site "Zadar"]
[Date "2012.12.19"]
[Round "6.13"]
[White "Kurajica, Bojan"]
[Black "Biliskov, Vjekoslav"]
[Result "1-0"]
[WhiteElo "2565"]
[BlackElo "2332"]
[PlyCount "43"]
[EventDate "2012.12.16"]
[EventRounds "9"]
[EventCountry "CRO"]
[Source "crochess.com"]
[SourceDate "2012.12.22"]

1. Nf3 c5 2. c4 g6 3. d4 Bg7 4. e4 d6 5. h3 Nc6 6. d5 Nd4 7. Nxd4 cxd4 8. Nd2
e5 9. b4 a5 10. c5 axb4 11. Bb5+ Kf8 12. cxd6 Qxd6 13. Qb3 Qc5 14. a4 Qc3 15.
Qb1 Bh6 16. Ra2 b3 17. Rb2 Qc7 18. Rxb3 Kg7 19. O-O Nf6 20. Nc4 Nd7 21. Ba3 Nc5
22. d6 1-0

[Event "19th Open A"]
[Site "Zadar"]
[Date "2012.12.19"]
[Round "6.14"]
[White "Piskur, Mitja"]
[Black "Jakovljevic, Vlado"]
[Result "0-1"]
[WhiteElo "2322"]
[BlackElo "2404"]
[PlyCount "56"]
[EventDate "2012.12.16"]
[EventRounds "9"]
[EventCountry "CRO"]
[Source "crochess.com"]
[SourceDate "2012.12.22"]

1. e4 c5 2. Nf3 d6 3. d3 Nc6 4. g3 g6 5. Bg2 Bg7 6. O-O e5 7. Nc3 Nge7 8. Nd2
O-O 9. Nc4 f5 10. Nb5 Be6 11. Nbxd6 Rb8 12. a4 f4 13. a5 a6 14. gxf4 exf4 15.
e5 Nxe5 16. Nxe5 Qxd6 17. Nc4 Qc7 18. Re1 Bf7 19. Qf3 g5 20. Bh3 Ng6 21. Be6
Rbe8 22. Qd5 Rxe6 23. Rxe6 Qc8 24. Nd6 Qd7 25. Bd2 Bxe6 26. Qxc5 Nh4 27. Bc3
Bf7 28. Bxg7 Qh3 0-1

[Event "19th Open A"]
[Site "Zadar"]
[Date "2012.12.19"]
[Round "6.15"]
[White "Petrusic, Toni"]
[Black "Videnova, Iva"]
[Result "1-0"]
[WhiteElo "2246"]
[BlackElo "2336"]
[PlyCount "61"]
[EventDate "2012.12.16"]
[EventRounds "9"]
[EventCountry "CRO"]
[Source "crochess.com"]
[SourceDate "2012.12.22"]

1. e4 c5 2. Ne2 d6 3. g3 g6 4. Bg2 Bg7 5. c3 Nc6 6. d4 cxd4 7. cxd4 Bg4 8. f3
Bd7 9. Nbc3 Nf6 10. O-O O-O 11. Be3 b6 12. Rc1 Rc8 13. Qd2 Na5 14. b3 Bc6 15.
h3 e5 16. g4 Qe8 17. Ng3 Nd7 18. d5 Ba8 19. Nb5 Rxc1 20. Rxc1 Qb8 21. b4 Nb7
22. Bf1 a6 23. Nc7 a5 24. a3 Bf6 25. Kg2 Bd8 26. Na6 Qa7 27. Bh6 Re8 28. Bb5
Re7 29. Nf5 f6 30. Nxe7+ Bxe7 31. Rc7 1-0

[Event "19th Open A"]
[Site "Zadar"]
[Date "2012.12.19"]
[Round "6.16"]
[White "Paljusaj, Edmond"]
[Black "Zelic, Mladen"]
[Result "1/2-1/2"]
[WhiteElo "2323"]
[BlackElo "2291"]
[PlyCount "36"]
[EventDate "2012.12.16"]
[EventRounds "9"]
[EventCountry "CRO"]
[Source "crochess.com"]
[SourceDate "2012.12.22"]

1. e4 e5 2. Nf3 Nc6 3. d4 exd4 4. Nxd4 Bc5 5. Be3 Qf6 6. c3 Qg6 7. Qf3 Bxd4 8.
cxd4 Nb4 9. Na3 Nf6 10. e5 Nfd5 11. Bc4 c6 12. O-O O-O 13. Bd2 d6 14. Qb3 a5
15. Rac1 Bf5 16. Bxd5 Nxd5 17. Nc4 a4 18. Qa3 dxe5 1/2-1/2

[Event "19th Open A"]
[Site "Zadar"]
[Date "2012.12.19"]
[Round "6.17"]
[White "Ciganovic, Nikola"]
[Black "Ivic, Mateo"]
[Result "1-0"]
[WhiteElo "2303"]
[BlackElo "2285"]
[PlyCount "69"]
[EventDate "2012.12.16"]
[EventRounds "9"]
[EventCountry "CRO"]
[Source "crochess.com"]
[SourceDate "2012.12.22"]

1. e4 e5 2. Nf3 Nc6 3. d4 exd4 4. Nxd4 Qf6 5. Nb3 Qg6 6. f3 Nf6 7. Bf4 d6 8.
Nc3 Be7 9. Qd2 Be6 10. O-O-O a6 11. Nd5 Bxd5 12. exd5 Ne5 13. Qe3 O-O 14. g4
Rfe8 15. h4 h5 16. g5 Nfd7 17. Bh3 Bf8 18. Nd4 Qh7 19. Rhe1 Nc5 20. Qc3 c6 21.
Bxe5 dxe5 22. Nf5 cxd5 23. Rxe5 Ne6 24. Qd2 d4 25. Nxd4 Bd6 26. Rxe6 fxe6 27.
Nxe6 Bg3 28. Qd5 Kh8 29. f4 Rac8 30. Bf5 g6 31. Be4 Qf7 32. f5 gxf5 33. Bxf5
Re7 34. g6 Qf6 35. Qd8+ 1-0

[Event "19th Open A"]
[Site "Zadar"]
[Date "2012.12.20"]
[Round "7.2"]
[White "Saric, Ivan"]
[Black "Brkic, Ante"]
[Result "1/2-1/2"]
[WhiteElo "2626"]
[BlackElo "2583"]
[PlyCount "79"]
[EventDate "2012.12.16"]
[EventRounds "9"]
[EventCountry "CRO"]
[Source "crochess.com"]
[SourceDate "2012.12.22"]

1. e4 e5 2. Nf3 Nc6 3. Bb5 Nf6 4. O-O Nxe4 5. d4 Nd6 6. Bxc6 dxc6 7. dxe5 Nf5
8. Qxd8+ Kxd8 9. Rd1+ Ke8 10. Nc3 Be7 11. Bg5 h6 12. Bxe7 Nxe7 13. Nd4 Nf5 14.
Nce2 Ke7 15. Rd3 a6 16. Rad1 g5 17. Nb3 a5 18. a4 b6 19. Nbd4 Nxd4 20. Nxd4 Bd7
21. g4 Bxg4 22. Nxc6+ Kf8 23. f3 Be6 24. Rc3 Re8 25. Na7 Bf5 26. Rxc7 Rxe5 27.
Rd8+ Kg7 28. Rxf7+ Kxf7 29. Rxh8 Kg7 30. Rb8 Bxc2 31. Rb7+ Kg6 32. Rxb6+ Kh5
33. Nb5 Bxa4 34. Nc3 Bd7 35. Ne4 Be6 36. Kf2 g4 37. Nf6+ Kg5 38. Nxg4 Bxg4 39.
fxg4 Kxg4 40. Rxh6 1/2-1/2

[Event "19th Open A"]
[Site "Zadar"]
[Date "2012.12.20"]
[Round "7.3"]
[White "Predojevic, Borki"]
[Black "Saric, Ante"]
[Result "1-0"]
[WhiteElo "2600"]
[BlackElo "2533"]
[PlyCount "55"]
[EventDate "2012.12.16"]
[EventRounds "9"]
[EventCountry "CRO"]
[Source "crochess.com"]
[SourceDate "2012.12.22"]

1. e4 c5 2. Nf3 d6 3. Bb5+ Bd7 4. Bxd7+ Qxd7 5. O-O Nf6 6. Qe2 Nc6 7. Rd1 e5 8.
c3 O-O-O 9. d4 exd4 10. cxd4 d5 11. e5 Ne4 12. Nc3 cxd4 13. Nxe4 dxe4 14. Qxe4
Bc5 15. Bg5 Qd5 16. Qg4+ Rd7 17. Rac1 Bb6 18. Bf4 g6 19. b4 h5 20. Qh3 Re8 21.
a4 a6 22. b5 axb5 23. axb5 Qxb5 24. Rb1 Qa6 25. Ra1 Ba5 26. Nxd4 Nxd4 27. Rxd4
Re6 28. Rxd7 1-0

[Event "19th Open A"]
[Site "Zadar"]
[Date "2012.12.20"]
[Round "7.4"]
[White "Kadric, Denis"]
[Black "Jovanic, Ognjen"]
[Result "1/2-1/2"]
[WhiteElo "2458"]
[BlackElo "2538"]
[PlyCount "43"]
[EventDate "2012.12.16"]
[EventRounds "9"]
[EventCountry "CRO"]
[Source "crochess.com"]
[SourceDate "2012.12.22"]

1. e4 e5 2. Bc4 Nf6 3. d3 Nc6 4. Nf3 Bc5 5. O-O d6 6. c3 a6 7. Bb3 Ba7 8. Re1
h6 9. Nbd2 Be6 10. Nf1 O-O 11. h3 Re8 12. Bc2 d5 13. exd5 Bxd5 14. Ng3 Bc5 15.
b4 Bf8 16. a4 b5 17. Bd2 Rb8 18. axb5 axb5 19. Ra6 Ra8 20. Qa1 Qc8 21. Rxa8
Qxa8 22. Ne4 1/2-1/2

[Event "19th Open A"]
[Site "Zadar"]
[Date "2012.12.20"]
[Round "7.6"]
[White "Dizdarevic, Emir"]
[Black "Kozul, Zdenko"]
[Result "0-1"]
[WhiteElo "2502"]
[BlackElo "2638"]
[PlyCount "91"]
[EventDate "2012.12.16"]
[EventRounds "9"]
[EventCountry "CRO"]
[Source "crochess.com"]
[SourceDate "2012.12.22"]

1. Nf3 Nf6 2. c4 g6 3. g3 Bg7 4. Bg2 c6 5. O-O O-O 6. d4 d5 7. cxd5 cxd5 8. Nc3
e6 9. Bf4 Bd7 10. Qd2 Qb6 11. Rfd1 Bc6 12. Ne5 Nfd7 13. Ng4 h5 14. Ne3 Nf6 15.
Nc2 a5 16. Rab1 Rc8 17. Bh6 Bh8 18. Ne1 Nbd7 19. h3 Re8 20. Qf4 Rac8 21. Nf3
Qc7 22. Qxc7 Rxc7 23. Rbc1 Rcc8 24. Bf4 b5 25. a3 Ne4 26. Nxe4 dxe4 27. Ng5 e5
28. dxe5 Nxe5 29. b3 f5 30. Rd6 Bb7 31. Rxc8 Bxc8 32. Bxe5 Bxe5 33. Rxg6+ Kf8
34. e3 a4 35. bxa4 bxa4 36. Bf1 Bd7 37. Ra6 Rc8 38. Ne6+ Ke7 39. Nd4 Bxd4 40.
exd4 Rc3 41. Ra5 Rxa3 42. Bb5 Bxb5 43. Rxb5 Rf3 44. Ra5 a3 45. Kf1 e3 46. d5
0-1

[Event "19th Open A"]
[Site "Zadar"]
[Date "2012.12.20"]
[Round "7.7"]
[White "Stevic, Hrvoje"]
[Black "Jakic, Ivan"]
[Result "1-0"]
[WhiteElo "2622"]
[BlackElo "2415"]
[PlyCount "81"]
[EventDate "2012.12.16"]
[EventRounds "9"]
[EventCountry "CRO"]
[Source "crochess.com"]
[SourceDate "2012.12.22"]

1. e4 c5 2. Nf3 d6 3. d4 cxd4 4. Qxd4 Nc6 5. Bb5 Bd7 6. Bxc6 Bxc6 7. Nc3 Nf6 8.
Bg5 e6 9. Qd3 Be7 10. Nd4 Qa5 11. Bd2 Qc7 12. O-O-O a6 13. f4 O-O-O 14. f5 Bd7
15. Bg5 h6 16. Bh4 g5 17. fxg6 fxg6 18. h3 g5 19. Bf2 e5 20. Nde2 Be6 21. Na4
Qc6 22. Nb6+ Kb8 23. Nc3 Rhf8 24. Rhf1 Bg8 25. Qe3 Qc5 26. Qxc5 dxc5 27. Rxd8+
Rxd8 28. Bxc5 Bxc5 29. Rxf6 Bxa2 30. Nbd5 Bxd5 31. Nxd5 Rf8 32. Kd2 Kc8 33. Kd3
Rxf6 34. Nxf6 Bf8 35. Kc4 Bg7 36. Ne8 Bh8 37. Kd5 Kd7 38. Nd6 b5 39. Nf7 Bg7
40. Nxe5+ Kc7 41. b4 1-0

[Event "19th Open A"]
[Site "Zadar"]
[Date "2012.12.20"]
[Round "7.9"]
[White "Jovanovic, Zoran"]
[Black "Kuljasevic, Davorin"]
[Result "1/2-1/2"]
[WhiteElo "2503"]
[BlackElo "2561"]
[PlyCount "30"]
[EventDate "2012.12.16"]
[EventRounds "9"]
[EventCountry "CRO"]
[Source "crochess.com"]
[SourceDate "2012.12.22"]

1. e4 e5 2. Nf3 Nc6 3. Bb5 a6 4. Ba4 Nf6 5. O-O Be7 6. Bxc6 dxc6 7. d3 Nd7 8.
Be3 O-O 9. Qd2 Re8 10. Qc3 a5 11. a3 Bb4 12. Qb3 Bd6 13. Qc3 Bb4 14. Qb3 Bd6
15. Qc3 Bb4 1/2-1/2

[Event "19th Open A"]
[Site "Zadar"]
[Date "2012.12.20"]
[Round "7.13"]
[White "Vlahov, Davor"]
[Black "Mazi, Leon"]
[Result "1/2-1/2"]
[WhiteElo "2228"]
[BlackElo "2351"]
[PlyCount "32"]
[EventDate "2012.12.16"]
[EventRounds "9"]
[EventCountry "CRO"]
[Source "crochess.com"]
[SourceDate "2012.12.22"]

1. Nf3 d6 2. d4 Nf6 3. b3 g6 4. Bb2 Bg7 5. e3 O-O 6. Be2 e5 7. O-O e4 8. Nfd2
Qe7 9. c4 h5 10. Nc3 Bf5 11. b4 Nbd7 12. a4 c6 13. Nb3 d5 14. b5 Rfe8 15. Ba3
Qe6 16. Na5 Rab8 1/2-1/2

[Event "19th Open A"]
[Site "Zadar"]
[Date "2012.12.20"]
[Round "7.14"]
[White "Videnova, Iva"]
[Black "Franic, Milan"]
[Result "1-0"]
[WhiteElo "2336"]
[BlackElo "2414"]
[PlyCount "116"]
[EventDate "2012.12.16"]
[EventRounds "9"]
[EventCountry "CRO"]
[Source "crochess.com"]
[SourceDate "2012.12.22"]

1. e4 b6 2. d4 Bb7 3. Bd3 Nf6 4. Qe2 Nc6 5. c3 e5 6. Nf3 d6 7. O-O Be7 8. d5
Nb8 9. c4 O-O 10. Nc3 a5 11. Be3 Na6 12. a3 c5 13. h3 g6 14. Bc2 Nh5 15. Bh6
Ng7 16. g4 Bc8 17. Kh1 Kh8 18. Rg1 Rg8 19. Rg2 Ne8 20. Be3 Nf6 21. Rag1 Bd7 22.
Nd2 Ne8 23. f4 exf4 24. Bxf4 Bg5 25. Bxg5 Qxg5 26. Nf3 Qe7 27. e5 Nac7 28. exd6
Qxd6 29. Ne4 Qe7 30. Neg5 Qf6 31. Ne5 Nd6 32. Qe3 Be8 33. Qc3 Qg7 34. Ne4 Nxe4
35. Bxe4 f6 36. Nd3 Rd8 37. Rf1 Rd6 38. Rgf2 Rf8 39. Qe5 fxe5 40. Rxf8+ Qxf8
41. Rxf8+ Kg7 42. Rf3 b5 43. Nxe5 a4 44. g5 Rd8 45. Rf6 bxc4 46. d6 Nb5 47. d7
c3 48. bxc3 Rxd7 49. Nxd7 Bxd7 50. Bc6 Bxc6+ 51. Rxc6 Nxa3 52. Rxc5 Nb1 53.
Rc7+ Kf8 54. c4 Nd2 55. c5 Nb3 56. c6 Nd4 57. Rc8+ Ke7 58. c7 Nb5 1-0

[Event "19th Open A"]
[Site "Zadar"]
[Date "2012.12.20"]
[Round "7.16"]
[White "Zelic, Mladen"]
[Black "Piskur, Mitja"]
[Result "1-0"]
[WhiteElo "2291"]
[BlackElo "2322"]
[PlyCount "141"]
[EventDate "2012.12.16"]
[EventRounds "9"]
[EventCountry "CRO"]
[Source "crochess.com"]
[SourceDate "2012.12.22"]

1. e4 d5 2. exd5 Qxd5 3. Nf3 Bg4 4. Be2 Nf6 5. d4 e6 6. Be3 Be7 7. c4 Qa5+ 8.
Nc3 Ne4 9. O-O Nxc3 10. bxc3 O-O 11. Qd2 Nd7 12. Rab1 b6 13. Rfe1 Rad8 14. h3
Bxf3 15. Bxf3 Ne5 16. Be2 Qa4 17. Qd1 Qc6 18. Qb3 Ng6 19. Qb5 Qd6 20. c5 Qd5
21. Bf3 Qf5 22. Qc6 Rc8 23. Be4 Qf6 24. Qb7 bxc5 25. Qxa7 cxd4 26. Qxd4 Qxd4
27. Bxd4 c5 28. Be3 Rc7 29. Rb7 Rfc8 30. Reb1 f5 31. Rxc7 Rxc7 32. Bb7 f4 33.
Bc1 c4 34. a4 Rd7 35. Kf1 Rd3 36. a5 Rxc3 37. a6 Bc5 38. Be4 Rb3 39. Ra1 Ba7
40. Ke2 Kf7 41. Kd1 Kf6 42. Bxg6 hxg6 43. Bxf4 Bxf2 44. a7 Bxa7 45. Rxa7 Kf5
46. g3 Rf3 47. Rc7 g5 48. Ke2 Rc3 49. Rc5+ Ke4 50. Rxg5 Rc2+ 51. Kd1 Rh2 52.
Rxg7 Rxh3 53. Re7 Kd5 54. Kd2 Rh8 55. Ke3 Rc8 56. Rd7+ Kc5 57. Ke4 Kc6 58. Rd6+
Kb5 59. Rxe6 c3 60. Kf5 Rd8 61. Re7 Kc4 62. Rc7+ Kd3 63. g4 Rd5+ 64. Ke6 Ra5
65. g5 c2 66. g6 Ke4 67. g7 Ra6+ 68. Kf7 Kxf4 69. g8=Q Ra7 70. Rxa7 c1=Q 71.
Ra4+ 1-0

[Event "19th Open A"]
[Site "Zadar"]
[Date "2012.12.20"]
[Round "7.17"]
[White "Ivic, Mateo"]
[Black "Veleski, Robert"]
[Result "1-0"]
[WhiteElo "2285"]
[BlackElo "2311"]
[PlyCount "95"]
[EventDate "2012.12.16"]
[EventRounds "9"]
[EventCountry "CRO"]
[Source "crochess.com"]
[SourceDate "2012.12.22"]

1. e4 e5 2. Nf3 Nc6 3. Bb5 a6 4. Ba4 Nf6 5. Qe2 Bc5 6. c3 b5 7. Bb3 d6 8. d3
O-O 9. Be3 Qe7 10. Nbd2 Bg4 11. Nf1 Rad8 12. h3 Bc8 13. Bg5 h6 14. Bh4 Nb8 15.
Ne3 c6 16. g4 d5 17. g5 hxg5 18. Bxg5 dxe4 19. dxe4 Bxe3 20. Qxe3 c5 21. Rg1 c4
22. Bc2 Rd6 23. Rd1 Rfd8 24. Rxd6 Rxd6 25. Nxe5 Qxe5 26. Bf4 Nd5 27. Bxe5 Nxe3
28. Bxd6 Nxc2+ 29. Kd2 Nc6 30. Kxc2 Bxh3 31. Kd2 f6 32. Ke3 Bc8 33. f4 Kf7 34.
f5 Bd7 35. Kf4 Be8 36. e5 fxe5+ 37. Bxe5 Nxe5 38. Kxe5 Kf8 39. Rd1 Ke7 40. Rd6
a5 41. Ra6 a4 42. Ra7+ Bd7 43. a3 Ke8 44. f6 gxf6+ 45. Kxf6 Kd8 46. Ke5 Bc8 47.
Kd6 Bg4 48. Kc5 1-0

[Event "19th Open A"]
[Site "Zadar"]
[Date "2012.12.21"]
[Round "8.2"]
[White "Sumets, Andrey"]
[Black "Kadric, Denis"]
[Result "1/2-1/2"]
[WhiteElo "2638"]
[BlackElo "2458"]
[PlyCount "84"]
[EventDate "2012.12.16"]
[EventRounds "9"]
[EventCountry "CRO"]
[Source "crochess.com"]
[SourceDate "2012.12.22"]

1. d4 d6 2. Nf3 g6 3. c4 Bg7 4. Nc3 e5 5. dxe5 dxe5 6. Qxd8+ Kxd8 7. Bd2 Be6 8.
O-O-O Nd7 9. Ng5 Bxc4 10. e4 Be6 11. Nxe6+ fxe6 12. Bc4 Ke7 13. Nb5 Bh6 14.
Bxe6 Nc5 15. Bxg8 Bxd2+ 16. Rxd2 Rhxg8 17. Rd5 Nd7 18. Rhd1 Rgd8 19. R5d2 Nf6
20. Nxc7 Rxd2 21. Rxd2 Rc8 22. Rc2 Nxe4 23. Nd5+ Kd8 24. Rxc8+ Kxc8 25. f3 Nd6
26. Kc2 Ne8 27. Kd3 Kd7 28. Nc3 h6 29. a4 Nd6 30. g4 Ke6 31. a5 a6 32. Ne4 Kd5
33. Nxd6 Kxd6 34. h4 Kd5 35. b3 Kd6 36. Ke4 Ke6 37. h5 gxh5 38. gxh5 Kf6 39. f4
exf4 40. Kxf4 Ke6 41. Ke4 Kf6 42. Kf4 Ke6 1/2-1/2

[Event "19th Open A"]
[Site "Zadar"]
[Date "2012.12.21"]
[Round "8.5"]
[White "Brkic, Ante"]
[Black "Stevic, Hrvoje"]
[Result "0-1"]
[WhiteElo "2583"]
[BlackElo "2622"]
[PlyCount "112"]
[EventDate "2012.12.16"]
[EventRounds "9"]
[EventCountry "CRO"]
[Source "crochess.com"]
[SourceDate "2012.12.22"]

1. e4 e5 2. Nf3 d6 3. d4 exd4 4. Nxd4 Nf6 5. Nc3 Be7 6. Be2 O-O 7. Bf4 c6 8.
Qd2 d5 9. exd5 Nxd5 10. Nxd5 Qxd5 11. c4 Qd8 12. O-O-O Na6 13. Qe3 Bc5 14. a3
Re8 15. Qc3 Bxd4 16. Rxd4 Qf6 17. Be3 Nc5 18. Rhd1 Ne6 19. Rd6 Qxc3+ 20. bxc3
h6 21. h4 Nf8 22. Rd8 Bf5 23. Rxa8 Rxa8 24. a4 Be6 25. a5 Ng6 26. h5 Ne5 27.
Rd4 c5 28. Re4 Nc6 29. Bxc5 Nxa5 30. Bb4 Nc6 31. Bd6 Rd8 32. c5 Bd5 33. Rg4 Re8
34. Kd2 Ne5 35. Rg3 Nc4+ 36. Bxc4 Bxc4 37. Re3 Rxe3 38. Kxe3 Bd5 39. g4 a5 40.
Be5 a4 41. c4 Bxc4 42. f4 a3 43. g5 Be6 44. Kf3 Kh7 45. Bd4 a2 46. Be5 Bf5 47.
Bd4 Bc2 48. Ke2 Ba4 49. Bc3 f6 50. gxf6 gxf6 51. Bxf6 Be8 52. f5 Bxh5+ 53. Ke3
Kg8 54. Kf4 Kf7 55. Bb2 Ke7 56. Ke5 Be8 0-1